5HLuxD.jpg

KING HENRY VIII SENIOR AND PRIMARY SCHOOL LIBRARY OPAC

Quantum mechanics : (Record no. 1205)

000 -LEADER
fixed length control field 01512nam a2200349 i 4500
001 - CONTROL NUMBER
control field 020310426
003 - CONTROL NUMBER IDENTIFIER
control field UkOxU
005 - DATE AND TIME OF LATEST TRANSACTION
control field 20221122093525.0
008 - FIXED-LENGTH DATA ELEMENTS--GENERAL INFORMATION
fixed length control field 141013r20152014enka 001|0|eng|d
015 ## - NATIONAL BIBLIOGRAPHY NUMBER
National bibliography number GBB4E3253
Source bnb
020 ## - INTERNATIONAL STANDARD BOOK NUMBER
International Standard Book Number 9780141977812
Qualifying information paperback
035 ## - SYSTEM CONTROL NUMBER
System control number (Uk)016972579
040 ## - CATALOGING SOURCE
Original cataloging agency StDuBDS
Language of cataloging eng
Description conventions rda
Transcribing agency StDuBDS
Modifying agency UkOxU
-- KH8
082 04 - DEWEY DECIMAL CLASSIFICATION NUMBER
Classification number 530.12 SUS
Edition number 23
100 1# - MAIN ENTRY--PERSONAL NAME
Personal name Susskind, Leonard,
Relator term author.
245 10 - TITLE STATEMENT
Title Quantum mechanics :
Remainder of title the theoretical minimum /
Statement of responsibility, etc. Leonard Susskind and Art Friedman.
264 #1 - PRODUCTION, PUBLICATION, DISTRIBUTION, MANUFACTURE, AND COPYRIGHT NOTICE
Place of production, publication, distribution, manufacture London :
Name of producer, publisher, distributor, manufacturer Penguin Books,
Date of production, publication, distribution, manufacture, or copyright notice 2015.
264 #4 - PRODUCTION, PUBLICATION, DISTRIBUTION, MANUFACTURE, AND COPYRIGHT NOTICE
Date of production, publication, distribution, manufacture, or copyright notice ©2014
300 ## - PHYSICAL DESCRIPTION
Extent xx, 364 pages :
Other physical details illustrations ;
Dimensions 20 cm
336 ## - CONTENT TYPE
Content type term text
Source rdacontent
337 ## - MEDIA TYPE
Media type term unmediated
Source rdamedia
338 ## - CARRIER TYPE
Carrier type term volume
Source rdacarrier
490 1# - SERIES STATEMENT
Series statement Theoretical minimum ;
Volume/sequential designation 2
500 ## - GENERAL NOTE
General note First published in Great Britain: London: Allen Lane, 2014.
500 ## - GENERAL NOTE
General note Includes index.
500 ## - GENERAL NOTE
General note "This book is the second volume of the Theoretical Minimum series. The first volume, The Theoretical Minimum: What You Need to Know to Start Doing Physics, covered classical mechanics, which is the core of any physics education. We will refer to it from time to time simply as Volume 1 [...] The books in this series run parallel to Leonard Susskind's videos, available on the web through Stanford University"
546 ## - LANGUAGE NOTE
Language note English
650 #0 - SUBJECT ADDED ENTRY--TOPICAL TERM
Topical term or geographic name entry element Quantum theory
Form subdivision Popular works.
700 1# - ADDED ENTRY--PERSONAL NAME
Personal name Friedman, Art,
Relator term author.
800 1# - SERIES ADDED ENTRY--PERSONAL NAME
Personal name Susskind, Leonard.
Title of a work Theoretical minimum ;
Volume/sequential designation 2.
942 ## - ADDED ENTRY ELEMENTS (KOHA)
Source of classification or shelving scheme
Koha item type Books - Non Ficton
Holdings
Withdrawn status Lost status Source of classification or shelving scheme Damaged status Not for loan Collection code Permanent Location Current Location Shelving location Date acquired Full call number Barcode Date last seen Price effective from Koha item type
          Non-Fiction KH8 Senior School Library KH8 Senior School Library Non Fiction 2022-11-22 530.12 SUS 3KHSL000101933 2022-11-22 2022-11-22 Books - Non Ficton

Powered By KH8 IT Dept